ARTHANAITIK UNNAYAN ARU PARIKALPANA (Record no. 4479)
[ view plain ]
| 000 -LEADER | |
|---|---|
| fixed length control field | 00454cam a2200181ua 4500 |
| 008 - FIXED-LENGTH DATA ELEMENTS--GENERAL INFORMATION | |
| fixed length control field | 160102n II |||gr||||Z||||||asm |
| 040 ## - CATALOGING SOURCE | |
| Original cataloging agency | MAIN |
| 041 ## - LANGUAGE CODE | |
| -- | English |
| 082 ## - DEWEY DECIMAL CLASSIFICATION NUMBER | |
| Classification number | 338.9 BOR |
| 100 ## - MAIN ENTRY--PERSONAL NAME | |
| Personal name | BORGOHAIN, KARUNA KUMAR. |
| 245 ## - TITLE STATEMENT | |
| Title | ARTHANAITIK UNNAYAN ARU PARIKALPANA |
| 260 ## - PUBLICATION, DISTRIBUTION, ETC. | |
| Place of publication, distribution, etc. | DIBRUGARH: |
| Name of publisher, distributor, etc. | BANALATA., |
| Date of publication, distribution, etc. | 1991. |
| 300 ## - PHYSICAL DESCRIPTION | |
| Extent | 220.: |
| Dimensions | 20CM. |
| 700 ## - ADDED ENTRY--PERSONAL NAME | |
| Personal name | PHUKAN, RANJAN KUMAR. |
| 942 ## - ADDED ENTRY ELEMENTS (KOHA) | |
| Koha item type | Books |
| 653 ## - INDEX TERM--UNCONTROLLED | |
| Uncontrolled term | Economic Development |
| Withdrawn status | Lost status | Damaged status | Not for loan | Collection code | Home library | Current library | Shelving location | Date acquired | Full call number | Barcode | Date last seen | Copy number | Price effective from | Koha item type | Public note |
|---|---|---|---|---|---|---|---|---|---|---|---|---|---|---|---|
| REFECO | Central Library and Information Centre Sibsagar Girls College | Central Library and Information Centre Sibsagar Girls College | Economics Rack | 06.06.1990 | 338.9 BOR | 12824 | 27.02.2020 | 1 | 27.02.2020 | Books | |||||
| TBECO | Central Library and Information Centre Sibsagar Girls College | Central Library and Information Centre Sibsagar Girls College | ECONOMICS BOOK RACK | 06.06.1990 | 338.9 BOR | 12825 | 27.02.2020 | 2 | 27.02.2020 | Books | V | ||||
| TBECO | Central Library and Information Centre Sibsagar Girls College | Central Library and Information Centre Sibsagar Girls College | ECONOMICS BOOK RACK | 06.06.1990 | 338.9 BOR | 12826 | 27.02.2020 | 3 | 27.02.2020 | Books | V |